| 000 | 00355nam a2200133Ia 4500 | ||
|---|---|---|---|
| 008 | 150201s2014 xx 000 0 und d | ||
| 082 |
_a5.43 _bBUR |
||
| 100 | _aBurgess, Mark, | ||
| 245 | _aPrinciples of network and system administration | ||
| 250 | _a2nd . Ed. | ||
| 260 |
_bWiley India Pvt. Ltd. _aN.Delhi _c2014 |
||
| 300 | _a634p. | ||
| 942 |
_2ddc _cBK _01 |
||
| 999 |
_c5810 _d5810 |
||